000 00693cam a22002533a 4500
001 1991
003 PGUSA
005 20140828083009.0
008 991201s1999||||xxu|||||s|||||000 i eng d
040 _aPGUSA
_beng
042 _adc
050 4 _aPR
100 1 _aLang, Andrew,
_d1844-1912
245 1 0 _aOld Friends :
_bEssays in Epistolary Parody
_h[electronic resource] /
_cAndrew Lang
260 _bProject Gutenberg,
_c1999
506 _aPublic domain in the USA.
516 _aElectronic text
653 _aImaginary letters
653 _aParodies
653 _aWit and humor
830 0 _aProject Gutenberg
_v1991
856 4 0 _uhttp://www.gutenberg.org/ebooks/1991
942 _cEB
999 _c231331
_d231331